Lindsay Lohan Filmography - Statistics

General Stats
  • This quiz has been taken 127 times
    22 since last reset
  • The average score is 17 of 115
Answer Stats
Type Year Name % Correct
Film 2003 Freaky Friday
95%
Film 2004 Mean Girls
95%
Film 2024 Mean Girls
95%
Short Documentary 2004 'Mean Girls': Only the Strong Survive
95%
Film 1998 The Parent Trap
89%
Film 2025 Freakier Friday
63%
Film 2005 Herbie: Fully Loaded
63%
Film 2006 Just My Luck
63%
Film 2004 Confessions of a Teenage Drama Queen
53%
Film 2007 I Know Who Killed Me
47%
TV Film 2000 Life-Size
47%
TV Show 2004, 2005, 2006, 2012 Saturday Night Live
47%
Film 2022 Falling for Christmas
42%
Film 2024 Irish Wish
42%
TV Film 2002 Get a Clue
37%
Film 2009 Labor Pains
37%
Documentary Mini-Series 2014 Lindsay
37%
Film 2011 Lindsay Lohan
37%
Film 2010 Machete
37%
Film 2024 Our Little Secret
37%
Film 2007 Georgia Rule
32%
TV Film 2012 Liz & Dick
32%
Film 2013 Scary Movie 5
32%
Film 2013 The Canyons
32%
Film 2006 A Prairie Home Companion
26%
Film 2007 Chapter 27
26%
Film 2006 The Holiday
26%
Film 2019 Among the Shadows
21%
Film 2006 Bobby
21%
TV Show 2019 Lindsay Lohan's Beach Club
21%
Award Show 2004 2004 MTV Movie Awards
16%
TV Show 2014 2 Broke Girls
16%
TV Show 2000 Bette
16%
Film 2013 inAPPropriate Comedy
16%
TV Show 1992 Late Night with David Letterman
16%
TV Show 2018 Sick Note
16%
TV Show 2004 That '70s Show
16%
TV Show 1996-1997 Another World
11%
Short Film 2012 First Point
11%
Film 2006 Friendly Fire
11%
TV Show 2012 Glee
11%
TV Show 2004 King of the Hill
11%
Film 2005 My Scene Goes Hollywood: The Movie
11%
TV Show 2003 Punk'd
11%
TV Show 1995 Sesame Street
11%
Short Film 2015 Till Human Voices Wake Us
11%
TV Show 2008 Ugly Betty
11%
Award Show 2003 2003 Teen Choice Awards
5%
TV Show 2013 Anger Management
5%
Web Mini-Series TBA Count My Lies
5%
Documentary Series 2004 Diary
5%
TV Show 2013 Eastbound & Down
5%
Music Video 2008 Everyone Nose (All the Girls Standing in the Line for the Bathroom)
5%
Music Video 2011 Let the Games Begin
5%
Commercial 2022 Planet Fitness
5%
TV Show 2009 Project Runway
5%
Theater 2014 Speed-the-Plow
5%
Music Video 2023 You Only Love Me
5%
Documentary Series 2002 20/20
0%
Documentary Series 2004 48 Hours
0%
Short Film 1996 Be Cool About Fire Safety
0%
TV Show 2014 Billy on the Street
0%
Music Video 2012 Blue
0%
TV Special 2005 Brain Fart
0%
TV Show 2020 Celebrity Watch Party
0%
Music Video 2013 City of Angels
0%
TV Show 2021 Devil May Care
0%
TV Show 2010 Double Exposure
0%
TV Show 2002 Driven
0%
Documentary Series 2005 Driven
0%
TV Show 2004 Dr. Phil
0%
Commercial 2015 Esurance
0%
Documentary Series 2005-2007 E! True Hollywood Story
0%
TV Show 2007 Extreme Hollywood
0%
Commercial 2009 Fornarina
0%
TV Special 2020 Haircut Night in America
0%
TV Documentary 2005 Herbie: Fully Loaded and Retooled
0%
TV Special 2013 iHeartRadio Jingle Ball
0%
TV Show 2025 Jeopardy!
0%
TV Show 2011 Keeping Up with the Kardashians
0%
TV Show 2004 Last Call with Carson Daly
0%
TV Special 2005 Lindsay Lohan's Celebrity Spring Break Style
0%
Short Film 2009 Lindsay Lohan's eHarmony Profile
0%
TV Documentary 2010 Lindsay Lohan's Indian Journey
0%
Short Film 2010 Lindsay's Private Party
0%
TV Show 2008 Living Lohan
0%
Web Series 2014 Love Advent
0%
Documentary 2012 Love, Marilyn
0%
Web Series 2022 Lovestruck High
0%
TV Show 2004 Making the Video
0%
TV Show 2003 Mike's Super Short Show
0%
TV Show 2013 Million Dollar Decorators
0%
TV Show 1997 MuchOnDemand
0%
Short Documentary 2004 On the Set: The Princess Diaries 2 - Royal Engagement
0%
TV Show 2013 Oprah's Next Chapter
0%
Commercial 2006 Proactiv
0%
Documentary 2010 Teenage Paparazzo
0%
TV Special 2006 That '70s Show Special: The Final Goodbye
0%
Award Show 2006 The 2006 World Music Awards
0%
Award Show 2004 The 5th Annual Latin Grammy Awards
0%
Film 2013 The Bling Ring
0%
TV Show 2019 The Masked Singer Australia
0%
TV Show 2004 The Mysti Show
0%
Short Film 2020 The Parent Trap Reunion!
0%
TV Show 2009 The Rachel Zoe Project
0%
TV Show 2010 The Real Housewives of New York City
0%
TV Show 1998 The Rosie O'Donnell Show
0%
TV Show 2003 The Sharon Osbourne Show
0%
TV Show 2004 Tinseltown TV
0%
TV Show 2004-2007 Total Request Live
0%
TV Show 2004 UPick Live
0%
Commercial 2025 Verizon
0%
Commercial 2023 Walmart
0%
Music Video 2003 What I Like About You
0%
TV Show 2005 Young, Sexy &...
0%
No matching quizzes found
Score Distribution
Percent of People with Each Score
Percentile by Number Answered
Your Score History
You have not taken this quiz since the last reset